01870nam a2200313 a 450000100060000000300080000600500170001400800410003103500190007204000260009104100080011708200230012510000630014824502180021125000220042926001260045130000560057750000520063365000560068565000300074194200120077199900170078395201170080095201120091795201110102995201290114095201510126995201360142040482BD-RjUL20250424125444.0160503r19801974bg ||||| |||| 00| 0 ben d a(BD-RjUL)40597 aBD-RjULbbencBD-RjUL aben 223a190 bCHP 1980 aচক্রবর্তী, নীরদবরণ912468610aপাশ্চাত্ত্য দর্শনের ইতিহাস = ( History of Western Philosophy ) :b(লক * বার্কলি* হেউম) /cনীরদবরণ চক্রবর্তী a২য় সং. aকলিকাতা :bপশ্চিমবঙ্গ রাজ্য পুস্তক পর্ষদ,c১৯৮০ a[১৬], ১১৭ পৃ. ;c২০ সেমি. a( লক, বার্কলি, হিউম ) aপাশ্চাত্য দর্শন 915315 aWestern Philosophy915316 2ddccBK c40482d40482 00102ddc40708NFICaRUCLbRUCLd1990-06-10g8.00l4oB 190 CHP 1980r2024-03-10 00:00:00s2024-02-08tC-1yBK 00102ddc40708NFICaRUCLbRUCLd1984-03-13l5oB 190 CHP 1980r2025-04-23 00:00:00s2025-02-24tC-3yBK 00102ddc40708NFICaRUCLbRUCLd1984-03-13l7oB 190 CHP 1980r2018-06-02 00:00:00s2018-05-08tC-4yBK 00102ddc40708NFICaRUCLbRUCLd1984-03-13eTulip intarapraise, Dhakag7.00oB 190 CHP 1980r2016-07-14 00:00:00tC-5yBK 00102ddc40708NFICaRUCLbRUCLcGENd1982-07-07eAligarh library, Rajshahig21.00l0oB 190 CHP 1980r2025-04-24 00:00:00tC-2w2025-04-24yBK 00102ddc40708NFICaRUCLbRUCLcGENd1982-07-07eAligarh library, Rajshahig21.00oB 190 CHP 1980r2025-04-24 00:00:00tC-6yBK